Statistics for Hazbin Hotel - More Than Anything (Reprise)

Click here to take the quiz!

General Stats

  • This quiz has been taken 44 times
  • The average score is 47 of 52

Answer Stats

HintAnswer% Correct
you
100%
you
100%
anything
97%
anything,
97%
anything
97%
anything
97%
I
97%
love
97%
more
97%
more
97%
More
97%
More
97%
than
97%
than
97%
than
97%
than
97%
And
93%
So
93%
so
93%
So
93%
to
93%
to
93%
already
90%
done
90%
if
90%
in
90%
many
90%
many
90%
me
90%
much
90%
Vaggie:You've
90%
you've
90%
you've
90%
you've
90%
been
87%
end,
87%
only
87%
saved
87%
the
87%
it's
83%
know
83%
lives
83%
souls
83%
touched
83%
dying
80%
I've
80%
changed
77%
Need
77%
say
77%
something
77%
Charlie & Vaggie:There's
77%
that
73%

Score Distribution

Percentile by Number Answered

Percent of People with Each Score

Your Score History

You have not taken this quiz